Evliya Çelebi ile devr-i âlem / (Record no. 15647)

MARC details
000 -BAŞLIK
Sabit Uzunlukta Kontrol Alanı 00821nam a22002537a 4500
999 ## - SİSTEM KONTROL NUMARALARI (KOHA)
Koha Biblionumber 15647
Koha Biblioitemnumber 15647
003 - KONTROL NUMARASI IDENTIFIER
Denetim Alanı MIRAKIL
005 - SON İŞLEM TARİHİ VE ZAMANI
Denetim Alanı 20240314122406.0
008 - SABİT-BOY VERİ ELEMANLARI - GENEL BİLGİLER
Sabit Uzunlukta Kontrol Alanı 240314b tu ||||| |||| 00| 0 tur d
020 ## - ULUSLARARASI STANDART KİTAP NUMARASI
Uluslararası Standart Kitap Numarası 9789751625878
040 ## - KATALOGLAMA KAYNAK
Orijinal Kataloglama Ajansı TR-AnCHP
Metne Dönüştürmek Ajansı TR-AnCHP
041 ## - DİL KODU
Metin / Ses Parça Veya Ayrı Başlığın Dil Kodu tur
082 ## - DEWEY ONLU SINIFLANDIRMA NUMARASI
Sınıflandırma Numarası 910.4
Ürün Numarası K23e 2022
100 ## - ANA GİRİŞ - KİŞİSEL İSİM
Kişisel Ad Kahraman, Seyit Ali
245 10 - BAŞLIK TABLOSU
Başlık Evliya Çelebi ile devr-i âlem /
Sorumluluk Tablosu, Vb Seyit Ali Kahraman.
260 ## - YAYIN, DAĞITIM, VB
Yayın, Dağıtım, Vb Yeri Ankara :
Yayıncı, Dağıtıcı, Vs Adı Türk Dil Kurumu,
Yayın, Dağıtım, Vb Tarihi 2022.
300 ## - FİZİKSEL TANIM
Kapsam 251 s. :
Diğer Fiziksel Ayrıntıları res. ;
Boyutlar 24 cm.
490 0# - SERİSİ TABLOSU
Seri Beyanı Türk Dil Kurumu Yayınları ;
Hacim / Ardışık Tanımı 1087.
504 ## - KAYNAKÇA VB NOT
Kaynakça Vb Notu Kaynakça: 251. s.<br/>
600 14 - KONU KATMA GİRİŞ - KURUMSAL ADI
9 (RLIN) 2753
Kişisel Ad Evliya Çelebi
Bir Adıyla İlişkilendirilen Tarihler 1611-1682.
Genel Alt Bölümü İnceleme
650 #0 - KONU KATMA GİRİŞ - TOPİKAL DÖNEM
9 (RLIN) 7764
Topikal Süreli Veya Coğrafi Ad Giriş Elemanı Seyehatname
650 #0 - KONU KATMA GİRİŞ - TOPİKAL DÖNEM
9 (RLIN) 7522
Topikal Süreli Veya Coğrafi Ad Giriş Elemanı Gezi yazıları
856 ## - ELEKTRONİK YER VE ERİŞİM
Kamu Notu Dijital Nüshası için Partimizin Kütüphane Sorumlusu ile iletişime geçiniz.
942 ## - EKLENDİ GİRİŞ ELEMANLARI (KOHA)
Sınıflandırma Veya Raf Düzeni Kaynak Dewey Decimal Classification
Koha Öğesi Türü Books
Holdings
Kalıcı Konum Mevcut Konum Edinme Tarihi Toplam Check-Out'Lar Tam Çağrı Numarası Barkod Tarih Son Görülme İtibaren Geçerli Fiyatlar Koha Öğesi Türü
CHP Kütüphanesi CHP Kütüphanesi 03/14/2024   910.4 K23e 2022 21560 03/14/2024 03/14/2024 Books